Guess the Romanian word #1 - Statistics

General Stats
  • This quiz has been taken 118 times
  • The average score is 9 of 15
Answer Stats
Hint Answer % Correct
școală school
96%
mulțumesc thanks / thank you
84%
limba language
79%
timp time
74%
La mulți ani Happy Birthday
73%
cartof potato
70%
vechi old
69%
țară country
56%
vremea weather
56%
lumea world
56%
Dunărea Danube / Donau
49%
râu river
43%
cunoscut known
42%
lungimea length
42%
nemții German people
7%
No matching quizzes found
Score Distribution
Percent of People with Each Score
Percentile by Number Answered
Your Score History
You have not taken this quiz